Zvýšenie mechanických a koróznych vlastností nízkolegovaných tenkých a hlbokoťažných plechov oxinitridáciou : Diplomová práca

Gespeichert in:
Bibliographische Detailangaben
1. Verfasser: Filová, Kamila (Verfasst von)
Weitere Verfasser: Sádecký, Ladislav (xxx)
Format: Manuskript Buch
Sprache:Slowakisch
Veröffentlicht: Trnava : STU v Bratislave MtF KMI, 1998
Schlagworte:
Tags: Tag hinzufügen
Keine Tags, Fügen Sie das erste Tag hinzu!

MARC

LEADER 00000ntm a22000003a 4500
001 stu95488
005 20160719155303.2
008 050906s1998----xo------------------slo-d
040 |a STU  |b slo 
041 0 |a slo 
044 |a xo 
100 1 |a Filová, Kamila  |4 aut 
245 1 |a Zvýšenie mechanických a koróznych vlastností nízkolegovaných tenkých a hlbokoťažných plechov oxinitridáciou :  |b Diplomová práca 
260 |a Trnava :  |b STU v Bratislave MtF KMI,  |c 1998 
300 |a 52 s 
650 7 |a tepelné spracovanie  |2 stusub 
700 1 |a Sádecký, Ladislav  |4 xxx 
996 |b 284M052844  |c M*DP-4034  |l MMSKP  |s P  |a 0  |w stu95488_0001